[Event "RUS-chT Higher League 2021"]
[Site "Sochi"]
[Date "2021.05.01"]
[Round "1.1"]
[White "Shomoev, Anton"]
[Black "Gochelashvili, David"]
[Result "1-0"]
[WhiteElo "2563"]
[BlackElo "2403"]
[Annotator "TA"]
[PlyCount "82"]
[EventDate "2021.05.01"]
[EventType "team-tourn"]
[EventCountry "RUS"]
[SourceTitle "playchess.com"]
[Source "ChessBase"]
[SourceQuality "1"]

{[%evp 26,82,74,53,80,38,41,0,0,0,36,39,33,21,20,25,70,70,70,70,65,70,70,70,70,70,70,70,70,71,84,84,84,75,189,157,754,728,697,644,634,554,29966,29968,29971,5297,29975,29976,29976,29976,29976,29977,29980,29981,29982,29983,29983,29984,29988]} 1. e4 c5 2. Nf3 Nc6 3. d4 cxd4 4. Nxd4 g6 5. Nc3 Bg7 6. Be3 Nf6 7. Bc4 O-O 8. Bb3 d6 9. f3 Nxd4 10. Bxd4 Be6 11. Qd2 Qa5 12. O-O-O Rfc8 13. Kb1 Bxb3 14. cxb3 b5 {B77: Sicilian Dragon: Yugoslav Attack, 9 Bc4 sidelines.} 15. Rhe1 b4 16. Nd5 (16. Bxf6 $5 bxc3 17. Bxc3 Bxc3 18. bxc3 $11) 16... Nxd5 {The position is equal.} 17. Bxg7 Nc3+ 18. bxc3 bxc3 {[#]} 19. Bxc3 Rxc3 (19... Qxc3 20. Qxc3) 20. Re3 Rac8 21. Rxc3 Qxc3 22. Qxc3 Rxc3 23. Rc1 Rxc1+ 24. Kxc1 $14 {[%mdl 4096] Endgame KP-KP} Kf8 25. Kd2 Ke8 26. Kc3 Kd7 27. Kc4 Kc6 28. b4 Kb6 29. a4 {[#]} a6 $146 (29... e6 $16) ({Predecessor:} 29... e6 30. h4 Ka6 31. g4 h6 32. f4 Kb6 33. a5+ Ka6 34. f5 g5 35. h5 Kb7 36. b5 Kc7 {½-½ (66) Rittner,H-Arnlind,E Germany 1970}) 30. b5 $1 $18 a5 {Loses the game.} (30... axb5+ $16 31. axb5 f5) 31. e5 $1 {[%cal Re5d6]} dxe5 32. Kd5 $1 {[%cal Rd5e5]} f6 33. g4 h6 34. h4 Kc7 35. Ke6 $1 h5 36. gxh5 {[%mdl 64] Overworked Piece. White mates.} gxh5 {[#]} 37. Kf5 $1 {[%cal Rf5g6]} Kd6 38. Kg6 Kd5 39. Kxh5 f5 {[#]} 40. b6 $1 {[%cal Rb6b7]} Kc6 41. Kg5 Kd5 {Weighted Error Value: White=0.03/Black=0.64} 1-0

[Event "RUS-chT Higher League 2021"]
[Site "Sochi"]
[Date "2021.05.01"]
[Round "1.2"]
[White "Alikhanov, Felix"]
[Black "Drygalov, Andrey"]
[Result "0-1"]
[WhiteElo "2449"]
[BlackElo "2500"]
[Annotator "ChessBase"]
[PlyCount "68"]
[EventDate "2021.05.01"]
[EventType "team-tourn"]
[EventCountry "RUS"]
[SourceTitle "playchess.com"]
[Source "ChessBase"]
[SourceQuality "1"]
[TimeControl "40/5400+30:1800+30"]

1. e4 c5 2. Nf3 d6 {[%emt 0:00:00]} 3. Nc3 {[%emt 0:01:50]} Nf6 {[%emt 0:00:00]} 4. d4 {[%emt 0:00:25]} cxd4 {[%emt 0:00:00]} 5. Nxd4 {[%emt 0:00:21]} a6 {[%emt 0:00:00]} 6. Bc4 {[%emt 0:01:45]} e6 {[%emt 0:00:07]} 7. Bb3 {[%emt 0:00:11]} Nbd7 {[%emt 0:00:05]} 8. Bg5 {[%emt 0:04:01]} Nc5 {[%emt 0:01:01]} 9. Qe2 {[%emt 0:06:09]} Be7 {[%emt 0:01:41]} 10. f4 {[%emt 0:01:03]} h6 {[%emt 0:17:27]} 11. Bxf6 {[%emt 0:03:24]} Bxf6 {[%emt 0:00:05]} 12. O-O-O {[%emt 0:04:32]} Qc7 {[%emt 0:00:43]} 13. Kb1 {[%emt 0:01:54]} Bd7 {[%emt 0:04:11]} 14. Rhe1 {[%emt 0:14:23]} O-O {[%emt 0:14:11]} 15. g4 {[%emt 0:20:33]} b5 {[%emt 0:04:54]} 16. e5 {[%emt 0:15:52]} dxe5 {[%emt 0:02:59]} 17. fxe5 {[%emt 0:00:28]} Bh4 {[%emt 0:06:37]} 18. Rg1 {[%emt 0:03:33]} b4 {[%emt 0:02:41]} 19. Nf3 {[%emt 0:06:48]} Be7 {[%emt 0:09:08]} 20. Ne4 {[%emt 0:00:50]} Nxe4 {[%emt 0:01:42]} 21. Qxe4 {[%emt 0:00:08]} Bc6 {[%emt 0:00:03]} 22. Qc4 {[%emt 0:04:22]} Qb7 {[%emt 0:00:44]} 23. Nd4 {[%emt 0:01:12]} Bd5 {[%emt 0:06:01]} 24. Qe2 {[%emt 0:00:12]} Rfd8 {[%emt 0:00:39]} 25. Bxd5 {[%emt 0:01:43]} Rxd5 {[%emt 0:00:00]} 26. Rd3 {[%emt 0:01:38]} Qc7 {[%emt 0:09:53]} 27. Nf3 {[%emt 0:01:45]} Rxd3 {[%emt 0:00:36]} 28. Qxd3 {[%emt 0:00:27]} a5 {[%emt 0:00:18]} 29. h4 {[%emt 0:01:01]} Rd8 {[%emt 0:01:12]} 30. Qe2 {[%emt 0:00:25]} Qc5 {[%emt 0:01:52]} 31. g5 {[%emt 0:00:59]} hxg5 {[%emt 0:00:19]} 32. hxg5 {[%emt 0:00:05]} Bxg5 {[%emt 0:07:21]} 33. Rxg5 {[%emt 0:00:15]} Qf2 {[%emt 0:00:19]} 34. Ng1 {[%emt 0:00:03]} Rd2 {[%emt 0:00:31]} 0-1

[Event "RUS-chT Higher League 2021"]
[Site "Sochi"]
[Date "2021.05.01"]
[Round "1.3"]
[White "Gutenev, Alexander"]
[Black "Mutovin, Egor"]
[Result "1-0"]
[WhiteElo "2431"]
[BlackElo "1904"]
[Annotator "NA"]
[PlyCount "103"]
[EventDate "2021.05.01"]
[EventType "team-tourn"]
[EventCountry "RUS"]
[SourceTitle "playchess.com"]
[Source "ChessBase"]
[SourceQuality "1"]
[TimeControl "40/5400+30:1800+30"]

1. e4 c5 2. Nf3 d6 3. d4 {[%emt 0:00:00]} cxd4 {[%emt 0:00:28]} 4. Nxd4 {[%emt 0:00:00]} Nf6 {[%emt 0:00:54]} 5. Nc3 {[%emt 0:00:03]} a6 {[%emt 0:00:56]} 6. h3 {[%emt 0:00:36]} e5 {[%emt 0:01:23]} 7. Nb3 {[%emt 0:00:07]} Be6 {[%emt 0:00:13]} 8. f4 {[%emt 0:00:07]} Nc6 {[%emt 0:00:42]} 9. f5 {[%emt 0:04:14]} Bxb3 {[%emt 0:01:40]} 10. axb3 {[%emt 0:00:58]} d5 {[%emt 0:01:07]} 11. exd5 {[%emt 0:00:30]} Nd4 {[%emt 0:00:07]} 12. Qd3 {[%emt 0:08:22]} Bb4 {[%emt 0:18:34]} 13. Bd2 {[%emt 0:01:41]} O-O {[%emt 0:01:56]} 14. O-O-O {[%emt 0:02:10]} Nxd5 {[%emt 0:07:48]} 15. Kb1 {[%emt 0:03:18]} Bxc3 {[%emt 0:13:07]} 16. bxc3 {[%emt 0:16:55]} Nb5 {[%emt 0:02:06]} 17. Kb2 {[%emt 0:03:24]} e4 {[%emt 0:02:08]} 18. Qxe4 {[%emt 0:07:02]} Ndxc3 {[%emt 0:05:36]} 19. Bxc3 {[%emt 0:00:11]} Nxc3 {[%emt 0:09:16]} 20. Rxd8 {[%emt 0:00:12]} Nxe4 {[%emt 0:00:05]} 21. Rxa8 {[%emt 0:01:00]} Rxa8 {[%emt 0:00:04]} 22. Bc4 {[%emt 0:00:17]} Nd6 {[%emt 0:03:30]} 23. Bd5 {[%emt 0:03:23]} Rd8 {[%emt 0:04:55]} 24. g4 {[%emt 0:06:11]} Kf8 {[%emt 0:01:06]} 25. c4 {[%emt 0:01:34]} b6 {[%emt 0:02:32]} 26. b4 {[%emt 0:08:48]} b5 {[%emt 0:08:23]} 27. c5 {[%emt 0:03:24]} Ne8 {[%emt 0:05:44]} 28. Bb7 {[%emt 0:01:51]} Nc7 {[%emt 0:00:25]} 29. Re1 {[%emt 0:07:50]} h6 {[%emt 0:02:00]} 30. Kc3 {[%emt 0:00:18]} Rb8 {[%emt 0:01:41]} 31. Bc6 {[%emt 0:01:04]} Rd8 {[%emt 0:02:27]} 32. Re2 {[%emt 0:01:37]} Rd1 {[%emt 0:02:36]} 33. h4 {[%emt 0:04:14]} f6 {[%emt 0:01:06]} 34. Bb7 {[%emt 0:07:54]} Rd8 {[%emt 0:00:21]} 35. Ra2 {[%emt 0:01:24]} Rb8 {[%emt 0:00:30]} 36. Bf3 {[%emt 0:00:30]} Re8 {[%emt 0:00:30]} 37. Kd4 {[%emt 0:00:30]} Rd8+ {[%emt 0:00:30]} 38. Kc3 {[%emt 0:00:30]} Re8 {[%emt 0:00:30]} 39. Rd2 {[%emt 0:00:30]} Re3+ {[%emt 0:00:30]} 40. Rd3 {[%emt 0:00:30]} Rxd3+ {[%emt 0:00:00]} 41. Kxd3 {[%emt 0:00:18]} Ke7 {[%emt 0:05:40]} 42. Bb7 {[%emt 0:00:10]} Kd7 {[%emt 0:00:11]} 43. Ke4 {[%emt 0:00:13]} Ke7 {[%emt 0:00:07]} 44. Kf4 {[%emt 0:00:16]} Kf8 {[%emt 0:06:05]} 45. g5 {[%emt 0:00:15]} Kf7 {[%emt 0:00:10]} 46. Kg4 {[%emt 0:02:47]} hxg5 {[%emt 0:03:28]} 47. hxg5 {[%emt 0:00:09]} g6 {[%emt 0:00:12]} 48. fxg6+ {[%emt 0:00:16]} Kxg6 {[%emt 0:00:05]} 49. Be4+ {[%emt 0:00:22]} Kg7 {[%emt 0:00:21]} 50. g6 {[%emt 0:00:15]} Kh6 {[%emt 0:00:15]} 51. Kf5 {[%emt 0:00:20]} Kg7 {[%emt 0:00:22]} 52. Bb7 {[%emt 0:00:44]} 1-0

[Event "RUS-chT Higher League 2021"]
[Site "Sochi"]
[Date "2021.05.01"]
[Round "1.4"]
[White "Ibraev, Rustam"]
[Black "Radzhabov, Rodion"]
[Result "1/2-1/2"]
[WhiteElo "2243"]
[BlackElo "2352"]
[Annotator "NA"]
[PlyCount "78"]
[EventDate "2021.05.01"]
[EventType "team-tourn"]
[EventCountry "RUS"]
[SourceTitle "playchess.com"]
[Source "ChessBase"]
[SourceQuality "1"]
[TimeControl "40/5400+30:1800+30"]

1. e4 c5 2. Nf3 Nc6 3. Bb5 {[%emt 0:00:38]} g6 {[%emt 0:00:08]} 4. O-O {[%emt 0:01:00]} Bg7 {[%emt 0:00:06]} 5. Bxc6 {[%emt 0:04:04]} bxc6 {[%emt 0:00:52]} 6. Re1 {[%emt 0:00:28]} Nh6 {[%emt 0:00:50]} 7. d3 {[%emt 0:02:38]} O-O {[%emt 0:03:16]} 8. h3 {[%emt 0:02:59]} d6 {[%emt 0:01:46]} 9. e5 {[%emt 0:05:14]} Rb8 {[%emt 0:16:42]} 10. Nbd2 {[%emt 0:07:50]} f6 {[%emt 0:05:22]} 11. exd6 {[%emt 0:03:32]} exd6 {[%emt 0:00:07]} 12. Nc4 {[%emt 0:08:41]} Nf7 {[%emt 0:03:55]} 13. Bf4 {[%emt 0:05:18]} Ne5 {[%emt 0:05:33]} 14. b3 {[%emt 0:04:22]} Be6 {[%emt 0:13:42]} 15. Rb1 {[%emt 0:06:38]} Qd7 {[%emt 0:02:38]} 16. Bg3 {[%emt 0:04:01]} Rbe8 {[%emt 0:08:28]} 17. Nfd2 {[%emt 0:11:27]} Nxc4 {[%emt 0:29:48]} 18. Nxc4 {[%emt 0:02:58]} d5 {[%emt 0:02:18]} 19. Nd2 {[%emt 0:01:23]} Bf7 {[%emt 0:01:04]} 20. Nf3 {[%emt 0:06:01]} Rxe1+ {[%emt 0:01:17]} 21. Qxe1 {[%emt 0:00:33]} c4 {[%emt 0:00:12]} 22. d4 {[%emt 0:04:22]} Re8 {[%emt 0:00:54]} 23. Qd2 {[%emt 0:01:22]} cxb3 {[%emt 0:01:04]} 24. Rxb3 {[%emt 0:05:42]} Bf8 {[%emt 0:00:56]} 25. Bf4 {[%emt 0:05:06]} g5 {[%emt 0:00:57]} 26. Be3 {[%emt 0:01:27]} Bg6 {[%emt 0:00:29]} 27. Ne1 {[%emt 0:00:33]} g4 {[%emt 0:00:27]} 28. hxg4 {[%emt 0:01:18]} Qxg4 {[%emt 0:00:10]} 29. f3 {[%emt 0:00:14]} Qe6 {[%emt 0:00:33]} 30. Kf2 {[%emt 0:00:20]} Bd6 {[%emt 0:00:41]} 31. Nd3 {[%emt 0:00:28]} Qf5 {[%emt 0:00:24]} 32. Bf4 {[%emt 0:00:41]} Bf8 {[%emt 0:00:40]} 33. Rb7 {[%emt 0:01:10]} Re7 {[%emt 0:00:24]} 34. g4 {[%emt 0:00:42]} Qe6 {[%emt 0:00:39]} 35. Nc5 {[%emt 0:00:26]} Qf7 {[%emt 0:00:05]} 36. Rb8 {[%emt 0:00:32]} Re8 {[%emt 0:00:19]} 37. Rb7 {[%emt 0:00:28]} Re7 {[%emt 0:00:02]} 38. Rb8 {[%emt 0:00:07]} Re8 {[%emt 0:00:03]} 39. Rb7 {[%emt 0:00:04]} Re7 1/2-1/2

[Event "RUS-chT Higher League 2021"]
[Site "Sochi"]
[Date "2021.05.01"]
[Round "1.5"]
[White "Tsoi, Dmitry"]
[Black "Kokarev, Dmitry"]
[Result "1/2-1/2"]
[WhiteElo "2348"]
[BlackElo "2631"]
[Annotator "TA"]
[PlyCount "71"]
[EventDate "2021.05.01"]
[EventType "team-tourn"]
[EventCountry "RUS"]
[SourceTitle "playchess.com"]
[Source "ChessBase"]
[SourceQuality "1"]

{[%evp 9,71,-18,13,-28,-11,-21,-23,-41,-21,-25,-18,-41,-31,-36,-8,-7,0,-12,-21,-10,0,-16,-19,-32,-16,-26,-15,-10,-4,-14,0,0,0,-19,0,-39,0,0,0,0,0,0,0,0,0,0,0,0,0,0,22,0,0,0,0,-14,-8,-7,0,0,0,0,0,0]} 1. f4 d5 2. Nf3 g6 3. g3 Bg7 4. Bg2 c6 5. d3 Qb6 6. c3 {A03: Bird's Opening with 1...d5.} Nf6 7. Qb3 Nbd7 8. Nbd2 {[#] Black has an edge.} O-O $146 ({Predecessor:} 8... Ng4 9. Qxb6 axb6 10. Nb3 Ra4 11. h3 Nh6 12. Kf2 f6 13. e4 dxe4 14. dxe4 Nf7 {0-1 (61) Bozanic,I (2267)-Djurovic,G (2378) Split 2012}) 9. Qxb6 axb6 10. h3 b5 11. Nb3 Re8 12. Be3 e5 13. fxe5 Nxe5 14. Nxe5 Rxe5 15. Bd4 Re7 16. Kf2 h5 17. a3 Bf5 18. Bf3 Be6 19. Rag1 Nh7 20. Bc5 Ree8 21. Be3 Bf6 22. Nc5 Re7 (22... Bc8 {keeps more tension.} 23. Nb3 Bd8 24. Bf4 Ng5 25. g4 h4) 23. Nxe6 {The position is equal.} Rxe6 24. h4 Rae8 25. Bd2 Bd8 26. g4 hxg4 27. Bxg4 f5 28. Bf3 Kf7 29. Rg2 Bb6+ 30. d4 {Strongly threatening h5.} Bd8 31. Bf4 Rh8 32. Be5 Bf6 33. Bf4 Be7 34. Be5 Bf6 35. Bf4 Be7 36. Be5 {Weighted Error Value: White=0.07/Black=0.07} 1/2-1/2

[Event "RUS-chT Higher League 2021"]
[Site "Sochi"]
[Date "2021.05.01"]
[Round "1.6"]
[White "Pridorozhni, Aleksei"]
[Black "Kirillov, Dmitry"]
[Result "1-0"]
[WhiteElo "2555"]
[BlackElo "2324"]
[Annotator "TA"]
[PlyCount "71"]
[EventDate "2021.05.01"]
[EventType "team-tourn"]
[EventCountry "RUS"]
[SourceTitle "playchess.com"]
[Source "ChessBase"]
[SourceQuality "1"]

{[%evp 16,71,45,30,28,28,44,49,34,31,38,25,44,40,51,41,81,76,80,62,78,64,61,59,54,46,83,84,86,88,155,150,143,139,111,125,154,97,247,239,297,316,354,359,471,442,504,505,650,475,479,481,578,579,1635,1528,1291,1010]} 1. e4 c5 2. Nf3 e6 3. Nc3 d6 4. d4 cxd4 5. Nxd4 Nf6 6. g4 h6 7. h4 Nc6 8. Rg1 d5 {is recently more successful than 8...h5.} 9. exd5 Nxd5 {B81: Sicilian Scheveningen: Keres Attack.} 10. Nxd5 Qxd5 {[#]} 11. Bg2 $1 Qe5+ {White is slightly better.} (11... Qa5+ 12. Bd2) 12. Be3 Bd7 13. Qd2 {Strongly threatening 0-0-0.} Nxd4 14. Qxd4 Qxd4 15. Bxd4 Bc6 16. Bxc6+ bxc6 {[#]} 17. Rg3 $146 ({Predecessor:} 17. O-O-O c5 18. Be5 f6 19. Bd6 Rd8 20. Bxf8 Rxf8 21. Rg3 Rxd1+ 22. Kxd1 Rf7 23. Ra3 {½-½ (43) Harikrishna,P (2753)-Movsesian,S (2653) Huaian 2016}) 17... Bb4+ 18. c3 Bd6 19. Rd3 Be7 20. h5 O-O 21. Be3 $36 {[%mdl 2048] Black is under strong pressure.} f5 22. Rd7 Rae8 (22... Bh4 $142) 23. Rxa7 $16 fxg4 24. Ke2 Rf5 25. Rg1 Rxh5 26. Rxg4 (26. a4 $142) 26... Kf7 {This costs Black the game.} (26... Rh1 $16) 27. a4 {[%cal Ba2a4,Ba4a5,Ba5a6][%mdl 32]} Rf5 28. b4 g5 29. Rc7 Kg6 30. Rxc6 {White is clearly winning.} Re5 31. a5 h5 32. Rg1 g4 33. a6 Bg5 34. Rc5 Bf6 35. Rxe5 Bxe5 36. b5 {Weighted Error Value: White=0.10/Black=0.41} 1-0

[Event "RUS-chT Higher League 2021"]
[Site "Sochi"]
[Date "2021.05.01"]
[Round "1.7"]
[White "Ter-Saakian, Grigorii"]
[Black "Garifullina, Leya"]
[Result "0-1"]
[WhiteElo "2238"]
[BlackElo "2386"]
[Annotator "NA"]
[PlyCount "82"]
[EventDate "2021.05.01"]
[EventType "team-tourn"]
[EventCountry "RUS"]
[SourceTitle "playchess.com"]
[Source "ChessBase"]
[SourceQuality "1"]
[TimeControl "40/5400+30:1800+30"]

1. d4 Nf6 2. Nc3 d5 3. Bf4 c5 4. e3 {[%emt 0:00:20]} cxd4 {[%emt 0:00:21]} 5. exd4 {[%emt 0:00:06]} a6 {[%emt 0:00:07]} 6. Bd3 {[%emt 0:00:52]} Nc6 {[%emt 0:00:13]} 7. Nge2 {[%emt 0:00:01]} Bg4 {[%emt 0:00:14]} 8. f3 {[%emt 0:00:15]} Bh5 {[%emt 0:00:09]} 9. a3 {[%emt 0:00:19]} Bg6 {[%emt 0:02:25]} 10. Bxg6 {[%emt 0:03:40]} hxg6 {[%emt 0:01:53]} 11. Qd3 {[%emt 0:00:36]} e6 {[%emt 0:00:15]} 12. g3 {[%emt 0:15:43]} Rc8 {[%emt 0:02:57]} 13. b4 {[%emt 0:02:26]} Nh5 {[%emt 0:05:43]} 14. Bd2 {[%emt 0:02:03]} Bd6 {[%emt 0:03:54]} 15. Kf2 {[%emt 0:01:01]} Nf6 {[%emt 0:06:21]} 16. Kg2 {[%emt 0:01:57]} Ne7 {[%emt 0:07:16]} 17. Na4 {[%emt 0:05:01]} Qc7 {[%emt 0:01:54]} 18. Rac1 {[%emt 0:00:53]} Qc4 {[%emt 0:05:07]} 19. Nc5 {[%emt 0:03:53]} Qxd3 {[%emt 0:00:51]} 20. cxd3 {[%emt 0:00:02]} Rb8 {[%emt 0:01:38]} 21. Rc2 {[%emt 0:00:17]} O-O {[%emt 0:02:43]} 22. Rhc1 {[%emt 0:00:39]} Rfc8 {[%emt 0:00:54]} 23. Bg5 {[%emt 0:00:24]} Rc7 {[%emt 0:02:43]} 24. Rc3 {[%emt 0:00:41]} Ra8 25. Kf2 {[%emt 0:01:15]} b6 {[%emt 0:08:17]} 26. Na4 {[%emt 0:00:41]} Rb7 {[%emt 0:02:09]} 27. Bf4 {[%emt 0:00:09]} Bxf4 {[%emt 0:00:32]} 28. Nxf4 {[%emt 0:00:00]} Nf5 {[%emt 0:01:19]} 29. Rc8+ {[%emt 0:06:05]} Rxc8 {[%emt 0:00:04]} 30. Rxc8+ {[%emt 0:00:10]} Kh7 {[%emt 0:00:02]} 31. Ra8 {[%emt 0:01:25]} Nxd4 {[%emt 0:00:56]} 32. Rxa6 {[%emt 0:02:38]} Nd7 {[%emt 0:05:28]} 33. Nc3 {[%emt 0:02:03]} Ne5 {[%emt 0:02:00]} 34. Ke3 {[%emt 0:02:00]} Nf5+ {[%emt 0:02:06]} 35. Kf2 {[%emt 0:00:16]} g5 {[%emt 0:01:59]} 36. Nfe2 {[%emt 0:01:32]} Nxd3+ {[%emt 0:00:08]} 37. Kf1 {[%emt 0:00:04]} Ne3+ {[%emt 0:01:55]} 38. Kg1 {[%emt 0:00:07]} e5 {[%emt 0:00:40]} 39. h4 {[%emt 0:00:13]} gxh4 {[%emt 0:00:14]} 40. gxh4 {[%emt 0:00:00]} f5 {[%emt 0:00:00]} 41. Ra8 {[%emt 0:00:40]} Rc7 {[%emt 0:01:17]} 0-1

[Event "RUS-chT Higher League 2021"]
[Site "Sochi"]
[Date "2021.05.01"]
[Round "1.8"]
[White "Pingin, Artem"]
[Black "Veselov, Yaroslav"]
[Result "1-0"]
[WhiteElo "2347"]
[BlackElo "1893"]
[Annotator "NA"]
[PlyCount "65"]
[EventDate "2021.05.01"]
[EventType "team-tourn"]
[EventCountry "RUS"]
[SourceTitle "playchess.com"]
[Source "ChessBase"]
[SourceQuality "1"]
[TimeControl "40/5400+30:1800+30"]

1. e4 c5 2. Nf3 e6 3. d4 cxd4 4. Nxd4 Nc6 5. Nc3 {[%emt 0:00:00]} Qc7 {[%emt 0:00:00]} 6. Be3 {[%emt 0:00:04]} a6 {[%emt 0:00:00]} 7. Qd2 {[%emt 0:00:35]} Nf6 {[%emt 0:00:00]} 8. a3 {[%emt 0:08:18]} b5 {[%emt 0:01:48]} 9. Nxc6 {[%emt 0:04:32]} dxc6 {[%emt 0:01:06]} 10. f3 {[%emt 0:02:29]} Be7 {[%emt 0:02:39]} 11. Qf2 {[%emt 0:06:04]} e5 {[%emt 0:04:48]} 12. g4 {[%emt 0:07:08]} Be6 {[%emt 0:01:57]} 13. h4 {[%emt 0:01:48]} O-O {[%emt 0:15:05]} 14. Bh3 {[%emt 0:01:19]} a5 {[%emt 0:01:28]} 15. Ne2 {[%emt 0:03:32]} c5 {[%emt 0:05:05]} 16. Ng3 {[%emt 0:10:27]} Rfc8 {[%emt 0:09:59]} 17. g5 {[%emt 0:02:59]} Ne8 {[%emt 0:01:16]} 18. Nf5 {[%emt 0:01:56]} Nd6 {[%emt 0:12:42]} 19. h5 {[%emt 0:02:14]} Bxf5 {[%emt 0:04:31]} 20. exf5 {[%emt 0:01:06]} f6 {[%emt 0:00:05]} 21. h6 {[%emt 0:05:25]} fxg5 {[%emt 0:02:16]} 22. f6 {[%emt 0:00:43]} gxf6 {[%emt 0:09:16]} 23. O-O-O {[%emt 0:04:54]} Rd8 {[%emt 0:03:28]} 24. Be6+ {[%emt 0:11:39]} Kh8 {[%emt 0:03:02]} 25. Qe2 {[%emt 0:00:24]} Rab8 {[%emt 0:04:05]} 26. Bxg5 {[%emt 0:01:27]} Nc4 {[%emt 0:01:06]} 27. Bh4 {[%emt 0:01:36]} e4 {[%emt 0:00:52]} 28. Qxe4 {[%emt 0:04:57]} Qe5 {[%emt 0:00:36]} 29. Bxc4 {[%emt 0:01:00]} Qxe4 {[%emt 0:00:05]} 30. fxe4 {[%emt 0:00:05]} bxc4 {[%emt 0:00:05]} 31. e5 {[%emt 0:00:44]} Rf8 {[%emt 0:03:46]} 32. Rd7 {[%emt 0:00:37]} Rbe8 {[%emt 0:01:29]} 33. Rg1 {[%emt 0:01:23]} 1-0

[Event "RUS-chT Higher League 2021"]
[Site "Sochi"]
[Date "2021.05.01"]
[Round "1.9"]
[White "Sveshnikov, Evgeny"]
[Black "Skvortsov, Andrei"]
[Result "0-1"]
[WhiteElo "2478"]
[BlackElo "2108"]
[Annotator "ChessBase"]
[PlyCount "112"]
[EventDate "2021.05.01"]
[EventType "team-tourn"]
[EventCountry "RUS"]
[SourceTitle "playchess.com"]
[Source "ChessBase"]
[SourceQuality "1"]
[TimeControl "40/5400+30:1800+30"]

1. e4 {[%emt 0:00:00]} e5 {[%emt 0:00:00]} 2. Nc3 {[%emt 0:00:00]} Nc6 {[%emt 0:00:36]} 3. Bc4 {[%emt 0:00:00]} Nf6 {[%emt 0:00:52]} 4. d3 {[%emt 0:00:08]} Na5 {[%emt 0:01:26]} 5. Nf3 {[%emt 0:04:02]} Nxc4 {[%emt 0:04:40]} 6. dxc4 {[%emt 0:00:02]} Bb4 {[%emt 0:01:32]} 7. Bd2 {[%emt 0:00:14]} Bxc3 {[%emt 0:08:18]} 8. Bxc3 {[%emt 0:00:03]} d6 {[%emt 0:00:04]} 9. Qd3 {[%emt 0:04:25]} Qe7 {[%emt 0:15:00]} 10. O-O {[%emt 0:12:48]} b6 {[%emt 0:05:34]} 11. Rfe1 {[%emt 0:03:22]} a5 {[%emt 0:01:20]} 12. Nd2 {[%emt 0:04:24]} g5 {[%emt 0:06:04]} 13. Nf1 {[%emt 0:03:09]} Be6 {[%emt 0:07:39]} 14. Ne3 {[%emt 0:01:21]} Nd7 {[%emt 0:02:29]} 15. Qe2 {[%emt 0:08:43]} h5 {[%emt 0:02:08]} 16. b3 {[%emt 0:06:36]} Nf6 {[%emt 0:10:10]} 17. Qd3 {[%emt 0:05:21]} g4 {[%emt 0:05:11]} 18. Nd5 {[%emt 0:01:26]} Nxd5 {[%emt 0:03:17]} 19. cxd5 {[%emt 0:01:09]} Bd7 {[%emt 0:01:15]} 20. f4 {[%emt 0:00:16]} gxf3 {[%emt 0:00:53]} 21. Qxf3 {[%emt 0:00:02]} O-O-O {[%emt 0:01:08]} 22. Rf1 {[%emt 0:01:32]} Rdf8 {[%emt 0:02:50]} 23. Qd3 {[%emt 0:01:38]} Kb7 {[%emt 0:00:43]} 24. Rf2 {[%emt 0:02:16]} Rh7 {[%emt 0:01:14]} 25. a4 {[%emt 0:09:53]} f5 {[%emt 0:09:05]} 26. exf5 {[%emt 0:00:10]} e4 {[%emt 0:00:27]} 27. Qc4 {[%emt 0:06:21]} e3 {[%emt 0:01:40]} 28. Rf3 {[%emt 0:00:01]} Rxf5 {[%emt 0:00:54]} 29. Rxf5 {[%emt 0:00:14]} Bxf5 {[%emt 0:00:06]} 30. b4 {[%emt 0:00:08]} Qe4 {[%emt 0:03:39]} 31. Qxe4 {[%emt 0:01:33]} Bxe4 {[%emt 0:00:05]} 32. bxa5 {[%emt 0:00:21]} Bxc2 {[%emt 0:00:45]} 33. axb6 {[%emt 0:00:32]} cxb6 {[%emt 0:01:11]} 34. Re1 {[%emt 0:01:54]} Re7 {[%emt 0:00:22]} 35. Bb4 {[%emt 0:00:02]} Re4 {[%emt 0:01:43]} 36. Bxd6 {[%emt 0:00:09]} Bb3 {[%emt 0:00:39]} 37. g3 {[%emt 0:08:05]} Bxd5 {[%emt 0:00:25]} 38. Bf4 {[%emt 0:00:02]} e2 {[%emt 0:00:22]} 39. Kf2 {[%emt 0:00:55]} Bc4 {[%emt 0:00:25]} 40. Bd2 {[%emt 0:00:00]} Rd4 {[%emt 0:00:00]} 41. Ke3 {[%emt 0:01:40]} Rd6 {[%emt 0:09:36]} 42. Rc1 {[%emt 0:08:50]} Re6+ {[%emt 0:01:33]} 43. Kf2 {[%emt 0:04:53]} Bb3 {[%emt 0:01:56]} 44. a5 {[%emt 0:03:48]} b5 {[%emt 0:03:19]} 45. Rc5 {[%emt 0:00:36]} Bc4 {[%emt 0:00:18]} 46. Be1 {[%emt 0:00:12]} Rf6+ {[%emt 0:01:23]} 47. Ke3 {[%emt 0:00:06]} Rf1 {[%emt 0:04:17]} 48. Kd2 {[%emt 0:00:02]} Rf3 {[%emt 0:00:22]} 49. Kc2 {[%emt 0:04:17]} Rf1 {[%emt 0:01:17]} 50. Kd2 {[%emt 0:00:06]} Rf3 {[%emt 0:00:05]} 51. Kc2 {[%emt 0:00:08]} Rd3 {[%emt 0:04:21]} 52. Rxh5 {[%emt 0:04:32]} Rd1 {[%emt 0:00:10]} 53. Rh7+ {[%emt 0:00:11]} Kc6 {[%emt 0:02:57]} 54. Rh6+ {[%emt 0:00:07]} Kd5 {[%emt 0:01:35]} 55. Bd2 {[%emt 0:03:00]} Bd3+ {[%emt 0:01:49]} 56. Kc3 {[%emt 0:00:11]} b4+ {[%emt 0:00:09]} 0-1